000 00441cam a22001337a 4500
008 180718b1947 xxu||||| |||| 00| 0 eng d
082 _aOx5421 Ut8
100 _aUnited Provinces. Public Health and Medical Reorganization Committee
245 _aReport of the Public Health and medical Reorganisation Committee
260 _aLucknow
_bThe author
_c1947
300 _a103+p.
500 _aChairman: A.G. Kher
700 _aKher, A.G. (Chairman)
999 _c489495
_d489495